Vista normal Vista MARC
  • Fernández de Lizardi, José Joaquín,

Entrada Personal Name

Número de registros utilizados en: 1

001 - CONTROL NUMBER

  • control field: 58567

003 - CONTROL NUMBER IDENTIFIER

  • control field: IT-RoINE

005 - DATE AND TIME OF LATEST TRANSACTION

  • control field: 20190408035055.0

008 - FIXED-LENGTH DATA ELEMENTS

  • fixed length control field: 190405|| aca||aabn | a|a d

040 ## - CATALOGING SOURCE

  • Original cataloging agency: IT-RoINE
  • Transcribing agency: IT-RoINE

100 1# - HEADING--PERSONAL NAME

  • Personal name: Fernández de Lizardi, José Joaquín,
  • Dates associated with a name: 1776-1827

400 0# - SEE FROM TRACING--PERSONAL NAME

  • Personal name: F. de L., J.‏, ‎ ‏ ‎
  • Dates associated with a name: 1776-1827‏

400 1# - SEE FROM TRACING--PERSONAL NAME

  • Personal name: Fernández de Lizardi, J. Joaquín‏ ,
  • Dates associated with a name: 1776-1827‏

400 1# - SEE FROM TRACING--PERSONAL NAME

  • Personal name: Fernández Lizardi, José Joaquín,
  • Dates associated with a name: 1776-1827‏

400 0# - SEE FROM TRACING--PERSONAL NAME

  • Personal name: J. F. de L.‏,
  • Dates associated with a name: 1776-1827‏

400 0# - SEE FROM TRACING--PERSONAL NAME

  • Personal name: El Pensador‏,
  • Dates associated with a name: 1776-1827‏

400 0# - SEE FROM TRACING--PERSONAL NAME

  • Personal name: Pensador,
  • Dates associated with a name: 1776-1827‏

400 0# - SEE FROM TRACING--PERSONAL NAME

  • Personal name: El Pensador Mexicano‏,
  • Dates associated with a name: 1776-1827‏

400 0# - SEE FROM TRACING--PERSONAL NAME

  • Personal name: Pensador Mexicano‏,
  • Dates associated with a name: 1776-1827‏

400 0# - SEE FROM TRACING--PERSONAL NAME

  • Personal name: El Amigo del Pensador,
  • Dates associated with a name: 1776-1827‏

670 ## - SOURCE DATA FOUND

  • Source citation: Work cat.: (IT-RoINE)29904: Fernández de Lizardi, José Joaquín, 1776-1827, El Periquillo Sarniento, por el pensador mexicano. , 1830-1831.